| 000 | 00674nam a2200205Ia 4500 | ||
|---|---|---|---|
| 003 | GCL | ||
| 008 | 140319s9999 xx 000 0 ara d | ||
| 040 |
_aGCL / _cGCL |
||
| 082 | 0 | 4 |
_a953.076 _bص ا |
| 100 | 1 | _aصابر محمد دياب حسين | |
| 245 | 1 | 0 |
_aارمينية من الفتح الاسلامى الى مستهل القرن الخامس الهجرى / _cصابر محمد دياب حسين |
| 260 |
_a[S.N] : _bدار النهضة العربية ، _c1978 |
||
| 300 | _a209 | ||
| 490 | _a | ||
| 650 | 0 | 4 | _aتاريخ |
| 650 | 0 | 4 | _aالفتوحات الاسلامية |
| 650 | 0 | 4 | _aارمينيا |
| 650 | 0 | 4 | _aفتح ارمينيا |
| 942 |
_2ddc _cBK |
||
| 999 |
_c31413 _d31413 |
||